zpět

Detail výsledku týmu

Restaurace Mamut, Most

Datum a čas kvízu

31 Celkem bodů Celkový počet nahraných bodů na tomto kvízu bez doplňovacích otázek.
7. Pořadí na kvízu Konečné umístění týmu na tomto kvízu.

Zaznamenané odpovědi

# Otázka Odpověď Body Výsledky
1. V Jiráskově divadle v České Lí... selata (divočáci) 1
2. Římská radnice minulý týden oz... fontána di Trevi 1
3. Která kapela minulý týden ozná... Linkin Park 0
4. Minulý týden jsme se dozvěděli... rýže 1
5. Ve středu byla poblíž sídla Če... Věra Čáslavská, David Černý 1
6. Ruské město Nižnij Novgorod ne... Gorkij 1
7. Panovník jisté africké země za... Svazijsko/Svazijské království 0
8. Napište bývalý název Bratislav... Prešpurk/Prešporok/Prešporek; 1919 (1914–1924) 1
9. Roku 1868 se město Edo přejmen... Tokio 1
10. Zhruba rok po vyhlazení českýc... o Panamu 0